[Event "37th Belgrade Trophy 2024"]
[Site "Belgrade"]
[Date "2024.11.23"]
[Round "6"]
[White "Ivanovic, Marko"]
[Black "Karaivanova, Petya"]
[Result "1-0"]
[WhiteElo "2297"]
[BlackElo "1939"]
[Annotator "RC"]
[PlyCount "109"]
[EventDate "2024.11.23"]
[EventCountry "SRB"]
[SourceTitle "playchess.com"]
[Source "ChessBase"]
[SourceQuality "1"]

1. Nf3 Nf6 2. d4 d5 3. Bg5 h6 4. Bh4 Bf5 5. e3 e6 6. c4 Be7 7. Nc3 O-O 8. Bxf6 Bxf6 9. cxd5 exd5 10. Qb3 c6 11. Qxb7 Qb6 12. Qxb6 axb6 13. Be2 b5 14. O-O b4 15. Nb1 c5 16. Nbd2 cxd4 17. Nxd4 Bxd4 18. exd4 Rc8 19. Nb3 Rc2 20. Bf3 Be6 21. Rfb1 Nd7 22. h3 Nb6 23. Bd1 Rc7 24. Nc5 Rca7 25. Bb3 Nc4 26. Re1 Bf5 27. Re2 Rd8 28. Rc1 Na5 29. Re5 Nxb3 30. axb3 Bg6 31. Rce1 Ra2 32. R1e2 Kh7 33. Kh2 Ra1 34. Re1 Ra2 35. R5e2 Rd6 36. f3 h5 37. g4 Rd8 38. Kg3 Rda8 39. Kf4 Rd8 40. Kg5 f6+ 41. Kh4 hxg4 42. hxg4 Rda8 43. Kg3 Ra1 44. Rxa1 Rxa1 45. Re7 Kg8 46. Rb7 Rb1 47. Rxb4 Rxb2 48. Rb8+ Kh7 49. Rb7 Kg8 50. b4 Rd2 51. b5 Be8 52. b6 Rxd4 53. Rxg7+ Kh8 54. Rc7 Rb4 55. b7 1-0

[Event "37th Belgrade Trophy 2024"]
[Site "Belgrade"]
[Date "2024.11.23"]
[Round "6"]
[White "Javadov, Habil"]
[Black "Xie, Jiaxiang"]
[Result "1-0"]
[WhiteElo "2190"]
[BlackElo "1949"]
[Annotator "RC"]
[PlyCount "83"]
[EventDate "2024.11.23"]
[EventCountry "SRB"]
[SourceTitle "playchess.com"]
[Source "ChessBase"]
[SourceQuality "1"]

1. d4 Nf6 2. Nf3 d6 3. h3 g6 4. Bf4 Bg7 5. e3 O-O 6. Be2 c6 7. O-O Qb6 8. Qc1 Nbd7 9. c4 Re8 10. Nc3 e5 11. Bh2 Qd8 12. Rd1 Qe7 13. c5 dxc5 14. dxe5 Nh5 15. g4 Nxe5 16. gxh5 Bxh3 17. hxg6 hxg6 18. Qd2 Nxf3+ 19. Bxf3 Be5 20. Bxe5 Qxe5 21. Ne2 Rad8 22. Qc3 Qf5 23. e4 Qg5+ 24. Ng3 Bg4 25. Bxg4 Qxg4 26. Rxd8 Rxd8 27. Qxc5 Rd3 28. Qe5 c5 29. Re1 b6 30. Qf6 Rd1 31. Rxd1 Qxd1+ 32. Kg2 Qb1 33. a3 b5 34. Qc3 a5 35. e5 c4 36. Qd4 b4 37. axb4 axb4 38. Ne4 c3 39. bxc3 b3 40. Qd8+ Kg7 41. Qf6+ Kg8 42. Ng5 1-0

[Event "37th Belgrade Trophy 2024"]
[Site "Belgrade"]
[Date "2024.11.23"]
[Round "6"]
[White "Leftheriotis, Alexandros"]
[Black "Milicevic, Aleksa"]
[Result "1-0"]
[WhiteElo "2165"]
[BlackElo "1982"]
[Annotator "RC"]
[PlyCount "39"]
[EventDate "2024.11.23"]
[EventCountry "SRB"]
[SourceTitle "playchess.com"]
[Source "ChessBase"]
[SourceQuality "1"]

1. e4 d6 2. d4 Nf6 3. Nc3 g6 4. Nf3 Bg7 5. Be3 c6 6. Qd2 b5 7. Bd3 Nbd7 8. Bh6 Bxh6 9. Qxh6 Qa5 10. O-O b4 11. Ne2 Ba6 12. Bxa6 Qxa6 13. e5 Qxe2 14. exf6 Nxf6 15. Rae1 Qxc2 16. Qg7 O-O-O 17. Rxe7 Nd5 18. Rxf7 Rdg8 19. Qh6 Qxb2 20. Qh3+ 1-0

[Event "37th Belgrade Trophy 2024"]
[Site "Belgrade"]
[Date "2024.11.23"]
[Round "6"]
[White "Karisik, Nenad"]
[Black "Bozinovic, Boban"]
[Result "0-1"]
[WhiteElo "2119"]
[BlackElo "1932"]
[Annotator "RC"]
[PlyCount "76"]
[EventDate "2024.11.23"]
[EventCountry "SRB"]
[SourceTitle "playchess.com"]
[Source "ChessBase"]
[SourceQuality "1"]

1. e4 c5 2. Nf3 d6 3. Bc4 Nf6 4. d3 Nc6 5. O-O e6 6. Nbd2 Be7 7. c3 O-O 8. Re1 Qc7 9. a3 Ne5 10. Nxe5 dxe5 11. Nf1 Rd8 12. Qe2 a6 13. a4 b6 14. Bg5 Bb7 15. Ng3 g6 16. Rf1 Ne8 17. Bh6 Bf8 18. Bxf8 Kxf8 19. Qe3 Kg7 20. f4 exf4 21. Rxf4 Nd6 22. Rh4 h5 23. Nxh5+ gxh5 24. Qg5+ Kf8 25. Rxh5 Ke8 26. Rf1 Qe7 27. Qg7 Kd7 28. Ba2 Rg8 29. Qe5 Raf8 30. a5 f6 31. Qf4 f5 32. Rh6 c4 33. Bxc4 Nxc4 34. dxc4 Bxe4 35. Rd1+ Kc8 36. Rd6 Rxg2+ 37. Kf1 Qg7 38. Qe3 Rg8 0-1

[Event "37th Belgrade Trophy 2024"]
[Site "Belgrade"]
[Date "2024.11.23"]
[Round "6"]
[White "Sperat Czar, Nicolas"]
[Black "Nastic, Veselin"]
[Result "0-1"]
[WhiteElo "2098"]
[BlackElo "1911"]
[Annotator "NA RC"]
[PlyCount "116"]
[EventDate "2024.11.23"]
[EventCountry "SRB"]
[SourceTitle "playchess.com"]
[Source "ChessBase"]
[SourceQuality "1"]
[TimeControl "40/5400+30:900+30"]

1. e4 d6 2. d4 Nf6 3. Nc3 e5 4. dxe5 dxe5 5. Qxd8+ Kxd8 6. Bc4 Be6 7. Bxe6 fxe6 8. f3 c6 9. Nh3 Bc5 10. Nf2 Ke7 11. Nd3 Bd6 12. Nb1 Nbd7 13. Be3 Bc7 14. Nd2 Bb6 15. Bxb6 axb6 16. Nc4 Ra4 17. b3 Ra7 18. Ke2 Rha8 19. a4 b5 20. Ncxe5 bxa4 21. bxa4 Rxa4 22. Rxa4 Rxa4 23. Rb1 Ra7 24. g4 Nxe5 25. Nxe5 Nd7 26. Nd3 b5 27. g5 e5 28. Nb4 Kd6 29. Nd3 Ra2 30. Nb4 Ra4 31. Rd1+ Kc7 32. c3 Nc5 33. Kd2 Ne6 34. h4 Nf4 35. Kc2 g6 36. Kb3 Ra8 37. Rd2 Ra1 38. Rh2 Rb1+ 39. Kc2 Rf1 40. Kb3 Rxf3 41. Ra2 c5 42. Ra7+ Kb6 43. Ra6+ Kb7 44. Ra5 cxb4 45. Kxb4 Nd3+ 46. Kxb5 Rf7 47. Kc4 Rd7 48. Rd5 Nb2+ 49. Kc5 Na4+ 50. Kb4 Rxd5 51. exd5 e4 52. Kc4 Kc7 53. Kd4 Kd6 54. c4 Nc5 55. Kc3 e3 56. Kc2 Ke5 57. Kc3 Ke4 58. Kb4 Kd4 0-1

[Event "37th Belgrade Trophy 2024"]
[Site "Belgrade"]
[Date "2024.11.23"]
[Round "6"]
[White "Kerner, Michael"]
[Black "Komissarova, Soigina"]
[Result "1-0"]
[WhiteElo "2086"]
[BlackElo "1916"]
[Annotator "NA RC"]
[PlyCount "87"]
[EventDate "2024.11.23"]
[EventCountry "SRB"]
[SourceTitle "playchess.com"]
[Source "ChessBase"]
[SourceQuality "1"]

1. e4 c5 2. Nf3 Nc6 3. Bb5 g6 4. O-O Bg7 5. Re1 Nf6 6. Bxc6 dxc6 7. h3 O-O 8. d3 b6 9. Nc3 Qc7 10. Be3 Nd7 11. Qd2 e5 12. Bh6 Re8 13. Re2 Nf8 14. Rf1 Ne6 15. Bxg7 Kxg7 16. Re3 Ba6 17. Ne2 Rad8 18. b3 f6 19. Nh4 c4 20. bxc4 Bxc4 21. Rg3 Ng5 22. Qc3 Bxa2 23. f4 Nf7 24. Qb2 Be6 25. f5 Bc8 26. fxg6 Nh8 27. gxh7+ Kf7 28. Qc1 Qd6 29. Qh6 Rf8 30. Qh5+ Ke6 31. Rg7 Qc5+ 32. Rf2 Kd6 33. Ng3 Bd7 34. Ng6 Rfe8 35. Nf5+ Kc7 36. Nh6 a5 37. Nf7 Nxf7 38. Rxf7 Rh8 39. Nxh8 Rxh8 40. Qh6 a4 41. Rxd7+ Kxd7 42. Qg7+ Qe7 43. Qxh8 a3 44. Qa8 1-0

[Event "37th Belgrade Trophy 2024"]
[Site "Belgrade"]
[Date "2024.11.23"]
[Round "6"]
[White "Stosic, Slobodan"]
[Black "Atalik, Suat"]
[Result "0-1"]
[WhiteElo "1984"]
[BlackElo "2420"]
[Annotator "TA"]
[PlyCount "98"]
[EventDate "2024.11.23"]
[EventCountry "SRB"]
[SourceTitle "playchess.com"]
[Source "ChessBase"]
[SourceQuality "1"]

{[%evp 11,98,-4,25,0,0,0,0,2,9,2,8,20,10,-8,0,-20,-6,-33,0,-72,-67,-68,-70,-149,-145,-145,-74,-78,-41,-77,-70,-84,-71,-74,-56,-66,-60,-66,-61,-54,-29,-75,-93,-108,-104,-103,-32,-125,-145,-129,-134,-167,-169,-205,-155,-160,-150,-145,-143,-172,-169,-200,-164,-187,-185,-280,-280,-280,-277,-282,-280,-303,-297,-364,-358,-367,-360,-452,-441,-427,-393,-502,-486,-1657,-1704,-6558,-6118,-6406,-6098]} 1. d4 Nf6 2. Bg5 d5 3. e3 Nbd7 4. Nf3 e6 5. Nbd2 c5 6. c3 Qc7 7. Bb5 a6 8. Bxd7+ Bxd7 9. O-O Bd6 10. dxc5 Qxc5 11. Bxf6 gxf6 12. e4 Bc6 13. Qc2 Bf4 14. b4 Qe7 15. a4 (15. Nd4 $11) 15... dxe4 $17 16. Nxe4 f5 17. Ng3 ({White should try} 17. Ned2 $15) 17... Bxf3 18. gxf3 {[%cal Og3f5]} O-O ({Better is} 18... O-O-O 19. b5 a5 (19... Rd2 20. Qb3 $17) 20. Nxf5 Qg5+ 21. Ng3 h5) 19. Rfe1 Qc7 20. Rad1 b5 21. Rd3 Kh8 22. Red1 Rac8 23. axb5 axb5 24. Qe2 Qb8 25. Kh1 Qe5 26. Qc2 (26. Qxe5+ $11 Bxe5 27. Ne2) 26... Rg8 27. Rg1 Qf6 {Black is more active.} 28. Rd7 Bb8 (28... Qxc3 $6 29. Qxc3+ Rxc3 30. Rxf7 $11) (28... Be5 $17 29. Qe2 Rxc3) 29. f4 Bxf4 {[%cal Of4e5]} (29... Rxc3 30. Qd1 Rcc8 (30... Bxf4 $2 31. Nh5 $18) 31. Nh5 $11) (29... Qxc3 $6 30. Qxc3+ Rxc3 31. Nxf5 Rxg1+ (31... exf5 32. Rxg8+ Kxg8 33. Rd8+ Kg7 34. Rxb8 $14) 32. Kxg1 $15) 30. Qd3 Bb8 (30... Qxc3 31. Qxc3+ Rxc3 32. Nh5 $15) (30... Rxc3 31. Rxf7 Rxd3 (31... Qxf7 32. Qxc3+ Qg7 33. Qc6 $15) 32. Rxf6) 31. Qxb5 Qxc3 ({Don't do} 31... Rxc3 32. Qb7 $17) 32. Qb7 {Against Qf3+} Rc7 33. Rxc7 Qxc7 34. Qxc7 Bxc7 {[%mdl 4096] Endgame KRB-KRN. Black is a pawn up.} 35. Rc1 Bb6 36. f3 Be3 37. Rc7 Kg7 38. Kg2 (38. Rc3 {was worth a try.} f4 39. Nf1) 38... Rb8 $19 39. Rc4 Bd2 40. Nf1 Bxb4 41. Ne3 Bd6 42. h3 Rb3 43. Nc2 Kf6 44. f4 Rd3 45. Ne1 Re3 46. Nc2 Re4 47. Rxe4 (47. Rc6 $142 Bxf4 48. Rc8) 47... fxe4 48. Kg3 e5 49. fxe5+ Kxe5 0-1

[Event "37th Belgrade Trophy 2024"]
[Site "Belgrade"]
[Date "2024.11.23"]
[Round "6"]
[White "Vukas, Radenko"]
[Black "Jandric, Damjan"]
[Result "0-1"]
[WhiteElo "1974"]
[BlackElo "2110"]
[Annotator "RC"]
[PlyCount "44"]
[EventDate "2024.11.23"]
[EventCountry "SRB"]
[SourceTitle "playchess.com"]
[Source "ChessBase"]
[SourceQuality "1"]

1. e4 c5 2. Nf3 d6 3. c3 Nf6 4. h3 Nc6 5. Bd3 d5 6. e5 c4 7. Bc2 Nd7 8. Qe2 Qc7 9. Ba4 Nc5 10. Bc2 e6 11. O-O b6 12. b4 Nd3 13. Bxd3 cxd3 14. Qxd3 Nxe5 15. Nxe5 Qxe5 16. Qb5+ Bd7 17. Qa6 Bd6 18. f4 Qf6 19. Qb7 Ke7 20. d4 a5 21. Re1 Qh4 22. Re3 Bxf4 0-1

[Event "37th Belgrade Trophy 2024"]
[Site "Belgrade"]
[Date "2024.11.23"]
[Round "6"]
[White "Liu, Haoling"]
[Black "Veleski, Robert"]
[Result "0-1"]
[WhiteElo "1942"]
[BlackElo "2093"]
[Annotator "RC"]
[PlyCount "111"]
[EventDate "2024.11.23"]
[EventCountry "SRB"]
[SourceTitle "playchess.com"]
[Source "ChessBase"]
[SourceQuality "1"]

1. Nf3 g6 2. g3 Bg7 3. d4 d6 4. Bg2 Nf6 5. O-O O-O 6. c4 Nc6 7. Nc3 Bf5 8. d5 Na5 9. Nd4 Bd7 10. b3 c5 11. dxc6 bxc6 12. Rb1 c5 13. Nc2 Rb8 14. Bg5 h6 15. Bd2 Kh7 16. h3 Bc6 17. Nd5 Nxd5 18. cxd5 Bd7 19. Qe1 Nb7 20. Na3 e6 21. dxe6 fxe6 22. e4 Qe7 23. Bc3 Nd8 24. Bxg7 Kxg7 25. Qd2 Nc6 26. Nc2 e5 27. b4 Nd4 28. bxc5 dxc5 29. f4 Rb6 30. Ne3 Rxb1 31. Rxb1 Bxh3 32. Nd5 Qd7 33. Qd3 Bg4 34. Qa6 Be2 35. Rb7 Bxa6 36. Rxd7+ Rf7 37. Rd6 Bc8 38. fxe5 g5 39. Nf6 Be6 40. Kh2 Rb7 41. a3 g4 42. Nh5+ Kf7 43. Nf4 Rb2 44. Nxe6 Nxe6 45. Kg1 Ke7 46. Bf1 Nd4 47. Ba6 Rb6 48. Kf2 Rxd6 49. exd6+ Kxd6 50. Ke3 Ke5 51. a4 Nc2+ 52. Kd2 Nb4 53. Bc8 Kxe4 54. Bxg4 Kd4 55. Bf5 a5 56. g4 0-1

[Event "37th Belgrade Trophy 2024"]
[Site "Belgrade"]
[Date "2024.11.23"]
[Round "6"]
[White "Liang, Junzhe"]
[Black "Vulinovic, Radivoje"]
[Result "1/2-1/2"]
[WhiteElo "1778"]
[BlackElo "2040"]
[Annotator "RC"]
[PlyCount "124"]
[EventDate "2024.11.23"]
[EventCountry "SRB"]
[SourceTitle "playchess.com"]
[Source "ChessBase"]
[SourceQuality "1"]

1. e4 e5 2. Nf3 Nf6 3. Nxe5 d6 4. Nf3 Nxe4 5. d4 d5 6. Bd3 Be7 7. O-O Nc6 8. c4 Nb4 9. Re1 Nxd3 10. Qxd3 Bf5 11. Qb3 dxc4 12. Qb5+ Bd7 13. Qxb7 Nd6 14. Qd5 O-O 15. Nc3 Rb8 16. Ne5 Bf6 17. Nxd7 Qxd7 18. Ne4 Qf5 19. Nxf6+ gxf6 20. Qc6 Rfc8 21. b3 Rb6 22. Qc5 Rb5 23. Qxf5 Rxf5 24. Be3 Rb8 25. Rec1 cxb3 26. axb3 Nb5 27. h3 Kf8 28. Rc5 Rxc5 29. dxc5 c6 30. Re1 Kg7 31. Rd1 Rb7 32. Rd8 Kg6 33. g4 f5 34. Rc8 Rc7 35. Rg8+ Kf6 36. Bf4 Rd7 37. g5+ Ke6 38. Be3 Nc3 39. Rc8 f4 40. Rxc6+ Ke7 41. Bxf4 Ne2+ 42. Kh2 Nxf4 43. Rh6 Ne6 44. h4 Nf8 45. b4 Rb7 46. Ra6 Ne6 47. Kg3 Nc7 48. Rh6 Ne6 49. Rxh7 Nf8 50. Rh6 Rxb4 51. Ra6 Rb7 52. f4 Ne6 53. c6 Rc7 54. h5 Nd4 55. h6 Kf8 56. Kh4 Kg8 57. Kg4 Kh8 58. f5 Kh7 59. Ra5 Nxc6 60. Rc5 f6 61. Kh5 fxg5 62. Kxg5 a5 1/2-1/2

[Event "37th Belgrade Trophy 2024"]
[Site "Belgrade"]
[Date "2024.11.28"]
[Round "6.4"]
[White "Sutormin, Danila"]
[Black "Popovic, Dragan B"]
[Result "0-1"]
[WhiteElo "2394"]
[BlackElo "2185"]
[Annotator "TA"]
[PlyCount "68"]
[EventDate "2024.11.23"]
[EventCountry "SRB"]
[SourceTitle "playchess.com"]
[Source "ChessBase"]
[SourceQuality "1"]
[TimeControl "40/5400+30:900+30"]

{[%evp 11,68,21,25,13,12,12,18,16,15,0,5,0,8,0,16,0,45,47,47,43,53,41,54,50,32,-29,-28,-38,-26,-34,-37,-37,-29,-37,-37,-40,-35,-42,-42,-42,-18,-18,0,0,8,9,12,0,0,0,0,-18,-10,-29976,-29977,-29986,-29987,-29987,-29988]} 1. e4 {[%emt 0:08:22]} c5 {[%emt 0:00:08]} 2. Nf3 {[%emt 0:00:16][%cal Bg1f3,Bf3h2,Bh2g4][%mdl 32]} Nc6 {[%emt 0:00:18]} 3. Nc3 {[%emt 0:00:15]} e5 {[%emt 0:00:17]} 4. Bc4 {[%emt 0:00:32]} Be7 {[%emt 0:00:07]} 5. d3 {[%emt 0:00:09]} d6 {[%emt 0:00:15]} 6. h3 {[%emt 0:00:26]} Nf6 {[%emt 0:00:33][%cal Bg8f6,Bf6d7,Bd7b6][%mdl 32]} 7. Nh2 {[%emt 0:00:12]} Be6 {[%emt 0:07:09]} 8. Ng4 {[%emt 0:00:37]} Nd7 {[%emt 0:00:53]} 9. Ne3 {[%emt 0:04:18] The position is equal.} Nb6 {[%emt 0:01:42]} 10. Ncd5 {[%emt 0:20:14]} O-O {[%emt 0:03:35]} 11. a4 {[%emt 0:02:13]} Bg5 {[%emt 0:10:45]} 12. O-O {[%emt 0:24:52]} Kh8 {[%emt 0:10:54]} 13. c3 {[%emt 0:03:34]} (13. Nxb6 {feels hotter.} Qxb6 14. Bxe6 Bxe3 15. a5) 13... Bh6 {[%emt 0:08:26]} 14. Nxb6 {[%emt 0:03:25]} axb6 {[%emt 0:01:35]} 15. Bxe6 {[%emt 0:03:25]} fxe6 {[%emt 0:00:06]} 16. Qb3 {[%emt 0:04:32]} Bxe3 {[%emt 0:07:02]} 17. Bxe3 {[%emt 0:00:05]} d5 {[%emt 0:00:08]} 18. f4 {[%emt 0:02:54]} (18. f3 $14) 18... d4 $11 {[%emt 0:08:23]} 19. cxd4 {[%emt 0:04:16]} Nxd4 {[%emt 0:01:10]} 20. Qd1 {[%emt 0:04:58]} Qd6 {[%emt 0:08:53]} 21. fxe5 {[%emt 0:02:24]} Qxe5 {[%emt 0:02:42] [#] ...Rxf1+ would now be deadly.} 22. Bxd4 {[%emt 0:02:20]} Rxf1+ {[%emt 0:02:15]} (22... cxd4 23. Qb3 $14) 23. Qxf1 {[%emt 0:00:07]} Qxd4+ $15 {[%emt 0:00:10][%mdl 4096] Endgame. KQR-KQR} (23... cxd4 $6 24. Qf7 $16) 24. Kh1 $1 {[%emt 0:00:10]} Kg8 {[%emt 0:00:40]} (24... Rxa4 25. Qf8#) 25. Qd1 {[%emt 0:01:07]} Qxb2 {[%emt 0:06:36]} 26. Rb1 {[%emt 0:00:31]} Qa2 {[%emt 0:00:24]} (26... Qd4 {simplifies} 27. Qb3 Qd6 28. Qxb6 Qxb6 29. Rxb6 Rxa4 30. Rxb7 c4) 27. Rxb6 {[%emt 0:01:02]} Rxa4 {[%emt 0:01:04]} 28. Qh5 {[%emt 0:00:59]} Ra8 {[%emt 0:09:26] Repels Qe8+} 29. Rxb7 {[%emt 0:00:17] White wants to mate with Qf7+.} (29. Qxc5 {simplifies} Qa3 30. Qe5 Qa1+ 31. Qxa1 Rxa1+ 32. Kh2) 29... Qa1+ {[%emt 0:00:22]} 30. Kh2 {[%emt 0:00:05]} Qf6 {[%emt 0:00:10] Prevents Qf7+. ( -> ...Qf4+)} 31. h4 {[%emt 0:04:42][%cal Oh5g4]} c4 {[%emt 0:01:28]} 32. d4 {[%emt 0:02:01][%mdl 8192] [#]} (32. dxc4 $2 Qf4+ 33. Kh3 Ra3+ $19 (33... Qxe4 34. Qf7+ Kh8 35. Qxg7#) (33... Qxe4 34. Qf7+ Kh8 35. Qxg7#)) (32. Kg3 $11) 32... Qf4+ {[%emt 0:02:35] Black mates.} (32... Qxd4 33. Qf7+ Kh8 34. Qxe6 $11) 33. g3 {[%emt 0:00:06]} Qf2+ {[%emt 0:00:58]} ({Inferior is} 33... Qxe4 34. Qf7+ Kh8 35. Qxg7#) 34. Kh3 {[%emt 0:00:04]} Qf1+ {[%emt 0:00:15] Weighted Error Value: White=0.25 (precise) /Black=0.05 (flawless) .  Loses game:     	White=1     	---        Mistake:       	White=1     	---        Inaccurate:     	---       	Black=1      OK:         	White=10    	Black=12     Best:        	White=2     	Black=2      Strong:       	White=1     	---} (34... Qxd4 35. Qf7+ Kh8 36. Rc7 $16) 0-1

[Event "37th Belgrade Trophy 2024"]
[Site "Belgrade"]
[Date "2024.11.28"]
[Round "6.5"]
[White "Slobodiansky, Steven"]
[Black "Baghdasaryan, Davit"]
[Result "1/2-1/2"]
[WhiteElo "2273"]
[BlackElo "2121"]
[Annotator "RC"]
[PlyCount "96"]
[EventDate "2024.11.23"]
[EventCountry "SRB"]
[SourceTitle "playchess.com"]
[Source "ChessBase"]
[SourceQuality "1"]
[TimeControl "40/5400+30:900+30"]

1. e4 {[%emt 0:00:08]} c5 {[%emt 0:00:25]} 2. Nf3 {[%emt 0:00:07]} d6 {[%emt 0:00:06]} 3. Bb5+ {[%emt 0:00:35]} Nd7 {[%emt 0:00:34]} 4. a4 {[%emt 0:00:20]} Ngf6 {[%emt 0:00:29]} 5. Nc3 {[%emt 0:00:08]} g6 {[%emt 0:00:20]} 6. a5 {[%emt 0:01:01]} Bg7 {[%emt 0:00:22]} 7. O-O {[%emt 0:00:20]} a6 {[%emt 0:01:59]} 8. Bc4 {[%emt 0:00:35]} O-O {[%emt 0:01:01]} 9. d3 {[%emt 0:00:32]} b5 {[%emt 0:05:35]} 10. axb6 {[%emt 0:02:46]} Nxb6 {[%emt 0:07:49]} 11. Bb3 {[%emt 0:05:26]} Qc7 {[%emt 0:05:27]} 12. Qe2 {[%emt 0:08:34]} Bb7 {[%emt 0:05:37]} 13. Bf4 {[%emt 0:12:43]} Nh5 {[%emt 0:08:45]} 14. Be3 {[%emt 0:01:04]} e6 {[%emt 0:00:27]} 15. Qd2 {[%emt 0:11:38]} d5 {[%emt 0:11:04]} 16. exd5 {[%emt 0:01:18]} exd5 {[%emt 0:03:05]} 17. d4 {[%emt 0:00:55]} c4 {[%emt 0:01:03]} 18. Ba2 {[%emt 0:00:06]} Rac8 {[%emt 0:04:22]} 19. Bb1 {[%emt 0:12:01]} Nf6 {[%emt 0:04:00]} 20. Bf4 {[%emt 0:00:55]} Qd8 {[%emt 0:06:18]} 21. Bg5 {[%emt 0:01:32]} Qd6 {[%emt 0:04:14]} 22. Bf4 {[%emt 0:06:31]} Qd8 {[%emt 0:01:21]} 23. Na4 {[%emt 0:03:05]} Nxa4 {[%emt 0:02:34]} 24. Rxa4 {[%emt 0:00:05]} c3 {[%emt 0:02:30]} 25. Qc1 {[%emt 0:01:50]} Ne4 {[%emt 0:01:18]} 26. Ra3 {[%emt 0:00:52]} Bc6 {[%emt 0:01:53]} 27. bxc3 {[%emt 0:13:22]} Bb5 {[%emt 0:00:25]} 28. c4 {[%emt 0:00:32]} Bxc4 {[%emt 0:01:21]} 29. Re1 {[%emt 0:00:12]} Re8 {[%emt 0:00:05]} 30. Rae3 {[%emt 0:04:45]} Qa5 {[%emt 0:05:57]} 31. c3 {[%emt 0:01:07]} Bb5 {[%emt 0:00:08]} 32. Bxe4 {[%emt 0:03:14]} dxe4 {[%emt 0:00:20]} 33. Rxe4 {[%emt 0:00:46]} Rxe4 {[%emt 0:00:08]} 34. Rxe4 {[%emt 0:00:03]} Qxc3 {[%emt 0:00:26]} 35. Qxc3 {[%emt 0:01:32]} Rxc3 {[%emt 0:00:01]} 36. h4 {[%emt 0:00:38]} Rd3 {[%emt 0:03:02]} 37. Re7 {[%emt 0:04:19]} Bxd4 {[%emt 0:07:29]} 38. Nxd4 {[%emt 0:00:20]} Rxd4 {[%emt 0:00:22]} 39. Be5 {[%emt 0:00:16]} Re4 {[%emt 0:01:22]} 40. f4 {[%emt 0:00:30]} Kf8 {[%emt 0:01:56]} 41. Ra7 {[%emt 0:15:51]} Re2 {[%emt 0:15:22]} 42. Kh2 {[%emt 0:02:55]} Bc4 {[%emt 0:04:12]} 43. Kg3 {[%emt 0:00:00]} Bd5 {[%emt 0:00:00]} 44. Rxa6 {[%emt 0:00:00]} Rxg2+ {[%emt 0:00:00]} 45. Kh3 {[%emt 0:00:00]} Rd2 {[%emt 0:00:00]} 46. Bf6 {[%emt 0:00:00]} Be6+ {[%emt 0:00:00]} 47. Kg3 {[%emt 0:00:00]} Ra2 {[%emt 0:00:00]} 48. Rxa2 {[%emt 0:00:00]} Bxa2 {[%emt 0:04:16]} 1/2-1/2

[Event "37th Belgrade Trophy 2024"]
[Site "Belgrade"]
[Date "2024.11.28"]
[Round "6.6"]
[White "Petrovic, Aleksa"]
[Black "Vasilyev, Bulat"]
[Result "1-0"]
[WhiteElo "2262"]
[BlackElo "1824"]
[Annotator "RC"]
[PlyCount "117"]
[EventDate "2024.11.23"]
[EventCountry "SRB"]
[SourceTitle "playchess.com"]
[Source "ChessBase"]
[SourceQuality "1"]
[TimeControl "40/5400+30:900+30"]

1. Nf3 {[%emt 0:00:03]} d5 {[%emt 0:06:24]} 2. g3 {[%emt 0:00:32]} Nd7 {[%emt 0:00:39]} 3. Bg2 {[%emt 0:03:58]} e5 {[%emt 0:00:35]} 4. O-O {[%emt 0:00:07]} Ngf6 {[%emt 0:01:03]} 5. d3 {[%emt 0:00:58]} Bd6 {[%emt 0:03:16]} 6. Nc3 {[%emt 0:00:32]} c6 {[%emt 0:00:47]} 7. e4 {[%emt 0:00:12]} dxe4 {[%emt 0:02:08]} 8. Nxe4 {[%emt 0:01:53]} Nxe4 {[%emt 0:03:49]} 9. dxe4 {[%emt 0:00:05]} Be7 {[%emt 0:03:41]} 10. a4 {[%emt 0:02:32]} a5 {[%emt 0:01:39]} 11. Nd2 {[%emt 0:06:10]} O-O {[%emt 0:01:21]} 12. Nc4 {[%emt 0:00:35]} Qc7 {[%emt 0:08:01]} 13. Qf3 {[%emt 0:01:24]} Rd8 {[%emt 0:07:10]} 14. Ne3 {[%emt 0:02:24]} Nc5 {[%emt 0:05:46]} 15. Nf5 {[%emt 0:06:50]} Bxf5 {[%emt 0:05:18]} 16. Qxf5 {[%emt 0:00:46]} Ne6 {[%emt 0:06:58]} 17. c3 {[%emt 0:00:45]} Bd6 {[%emt 0:08:43]} 18. h4 {[%emt 0:03:43]} b5 {[%emt 0:03:24]} 19. h5 {[%emt 0:00:59]} h6 {[%emt 0:03:59]} 20. Qg4 {[%emt 0:01:33]} Kh8 {[%emt 0:00:20]} 21. Qe2 {[%emt 0:08:48]} Rdb8 {[%emt 0:06:19]} 22. Be3 {[%emt 0:05:11]} Nc5 {[%emt 0:02:38]} 23. axb5 {[%emt 0:00:17]} cxb5 {[%emt 0:00:13]} 24. Rad1 {[%emt 0:00:15]} a4 {[%emt 0:02:41]} 25. Rd5 {[%emt 0:00:26]} Ra6 {[%emt 0:08:39]} 26. Rfd1 {[%emt 0:03:06]} Kg8 {[%emt 0:00:41]} 27. Qf3 {[%emt 0:01:45]} Nd7 {[%emt 0:00:36]} 28. Bf1 {[%emt 0:00:54]} Nf6 {[%emt 0:03:01]} 29. Rxb5 {[%emt 0:00:28]} Rxb5 {[%emt 0:01:43]} 30. Bxb5 {[%emt 0:00:05]} Ra5 {[%emt 0:00:09]} 31. c4 {[%emt 0:02:02]} a3 {[%emt 0:02:08]} 32. bxa3 {[%emt 0:00:07]} Rxa3 {[%emt 0:00:13]} 33. Qf5 {[%emt 0:00:53]} Rxe3 {[%emt 0:01:54]} 34. fxe3 {[%emt 0:00:06]} Bc5 {[%emt 0:00:43]} 35. Kf2 {[%emt 0:01:04]} Qb6 {[%emt 0:00:20]} 36. Rd3 {[%emt 0:00:04]} Bd6 {[%emt 0:00:38]} 37. Kf3 {[%emt 0:00:54]} Qc7 {[%emt 0:00:26]} 38. Rd2 {[%emt 0:01:39]} Nh7 {[%emt 0:00:39]} 39. Kg2 {[%emt 0:04:21]} Ng5 {[%emt 0:00:24]} 40. Qd7 {[%emt 0:00:08]} Qxd7 {[%emt 0:00:49]} 41. Bxd7 {[%emt 0:15:05]} Nxe4 {[%emt 0:15:26]} 42. Rd5 {[%emt 0:05:46]} Bf8 {[%emt 0:00:00]} 43. Bf5 {[%emt 0:00:00]} Nc5 {[%emt 0:00:00]} 44. Rxe5 {[%emt 0:00:00]} g6 {[%emt 0:00:00]} 45. hxg6 {[%emt 0:00:00]} fxg6 {[%emt 0:00:00]} 46. Bxg6 {[%emt 0:00:00]} Kg7 {[%emt 0:00:00]} 47. Bc2 {[%emt 0:00:00]} Bd6 {[%emt 0:00:04]} 48. Rd5 {[%emt 0:00:00]} Be7 {[%emt 0:00:11]} 49. Kf3 {[%emt 0:00:00]} Kf7 {[%emt 0:00:21]} 50. e4 {[%emt 0:00:00]} Ke6 {[%emt 0:00:36]} 51. Ke3 {[%emt 0:00:00]} Nd7 {[%emt 0:00:18]} 52. Bd1 {[%emt 0:00:00]} Ne5 {[%emt 0:01:17]} 53. Be2 {[%emt 0:00:00]} Bg5+ {[%emt 0:00:25]} 54. Kd4 {[%emt 0:00:00]} Bf6 {[%emt 0:00:20]} 55. Kc5 {[%emt 0:00:00]} Be7+ {[%emt 0:01:44]} 56. Kb5 {[%emt 0:00:00]} Nf7 {[%emt 0:00:58]} 57. c5 {[%emt 0:00:00]} Ng5 {[%emt 0:00:33]} 58. Bg4+ {[%emt 0:00:00]} Kf7 {[%emt 0:00:18]} 59. c6 {[%emt 0:00:00]} 1-0